00206nam a2200085Ia 4500008004100000100001600041245002700057260001900084999001700103170817s9999 xx 000 0 und d aMrunalini.T 0aCurriculum Development bNeel Kamal Pub c38395d38395